书目信息 |
| 题名: |
离散事件动态系统
|
|
| 作者: | 郑大钟 , 赵千川 主编 | |
| 分册: | ||
| 出版信息: | 北京 清华大学出版社 2001.01 |
|
| 页数: | 488页 | |
| 开本: | 26cm | |
| 丛书名: | ||
| 单 册: | ||
| 中图分类: | TP271 | |
| 科图分类: | ||
| 主题词: | 自动化系统 | |
| 电子资源: | ||
| ISBN: | 7-302-03965-8 | |
| 000 | 00625nam0 2200205 45 | |
| 001 | 0431474978 | |
| 005 | 2004042708443455 | |
| 010 | @a7-302-03965-8@dCNY 39.00 | |
| 100 | @a20040427d2001 km y0chiy0120 ea | |
| 101 | 0 | @achi |
| 102 | @aCN@b110000 | |
| 200 | 1 | @a离散事件动态系统@ALi San Shi Jian Dong Tai Xi Tong@f郑大钟,赵千川主编@FZheng Da Zhong,Zhao Qian Chuan Zhu Bian |
| 210 | @a北京@c清华大学出版社@d2001.01 | |
| 215 | @a488页@d26cm | |
| 606 | 0 | @a自动化系统 |
| 690 | @aTP271@v3 | |
| 701 | 0 | @a郑大钟@AZheng Da Zhong@4主编 |
| 701 | 0 | @a赵千川@AZhao Qian Chuan@4主编 |
| 801 | 0 | @aCN@bPFT@c20040427 |
| 905 | @dTP271@eZ429 | |
| 离散事件动态系统/郑大钟,赵千川主编.-北京:清华大学出版社,2001.01 |
| 488页;26cm |
| ISBN 7-302-03965-8:CNY 39.00 |
| ● |
| 相关链接 |
|
|
|
正题名:离散事件动态系统
索取号:TP271/Z429
 
预约/预借
| 序号 | 登录号 | 条形码 | 馆藏地/架位号 | 状态 | 备注 |
| 1 | 382244 | 203822444 | 自科库301/301自科库 41排4列5层/ [索取号:TP271/Z429] | 在馆 | |
| 2 | 382245 | 203822453 | 自科库301/301自科库 41排4列5层/ [索取号:TP271/Z429] | 在馆 | |
| 3 | 382246 | 203822462 | 自科二线404/404自科库 14排1列4层/ [索取号:TP271/Z429] | 在馆 |